000 00810nam a2200337Ia 4500
001 12405
003 24297
005 20250128062601.0
008 ||||||n9999 ||| || ||
041 _aeng
082 _219
_a301.15
100 _aBelle, Thomas La
_913513
245 0 _aEducational alternatives in Latin America
_bsocial change and social stratification
260 _aEstados Unidos :
_bUniversity of California,
_c1975.
300 _a490p
562 _e1
650 0 _aCambio social
_91896
650 _aESTRATIFICACIÓN SOCIAL
_92167
942 _cBKM
999 _c12405
_d12405
526 _a102618
526 _a15794
526 _a102619
526 _a102620
526 _a10406
526 _a4969
526 _a19790
526 _a104436
526 _a3899
526 _a9683
526 _a1703